| 000 | 00580nam a2200193 a 4500 | ||
|---|---|---|---|
| 001 | 8128 | ||
| 003 | CO-ViMGA | ||
| 008 | 141112s2004 ck r 000 u spa d | ||
| 040 |
_aCO-ViMGA _bspa _cCO-ViMGA |
||
| 082 | 0 | 4 | _a511 B15a |
| 100 | 1 |
_aBaldor, Aurelio _96257 |
|
| 245 | 1 | 0 |
_aAritmética : _bTeorico - Practica / _cBaldor Aurelio |
| 250 | _a28a. | ||
| 260 |
_aBogotá, _cEd. Cultural Colombiana, _c1970 |
||
| 300 | _a639 p., il. diagrs. 23 cm | ||
| 650 | 1 | 4 |
_aAritmética - estudio y ensenanza _97845 |
| 650 | 1 | 4 |
_aMatematicas - problemas, ejercicios _97846 |
| 942 |
_2ddc _cBK |
||
| 999 |
_c19942 _d19942 |
||